<?xml version="1.0" encoding="utf-8"?>
<?xml-stylesheet type='text/xsl' href='./oai2.xsl'?>
<OAI-PMH xmlns="http://www.openarchives.org/OAI/2.0/" xmlns:xsi="http://www.w3.org/2001/XMLSchema-instance" xsi:schemaLocation="http://www.openarchives.org/OAI/2.0/ http://www.openarchives.org/OAI/2.0/OAI-PMH.xsd">
  <responseDate>2026-04-29T23:53:06Z</responseDate>
  <request verb="GetRecord" metadataPrefix="marcxml" identifier="record_kuniweb_1369537">https://kulturerbe.niedersachsen.de/oai</request>
  <GetRecord>
    <record>
      <header>
        <identifier>record_kuniweb_1369537</identifier>
        <datestamp>2026-03-31T19:09:18Z</datestamp>
        <setSpec>slg0186</setSpec>
      </header>
      <metadata>
        <marc:record xmlns:marc="http://www.loc.gov/MARC21/slim" xsi:schemaLocation="http://www.loc.gov/MARC21/slim http://www.loc.gov/standards/marcxml/schema/MARC21slim.xsd">
          <marc:leader>12345nrm  22     uu 4500</marc:leader>
          <marc:controlfield tag="001">1369537</marc:controlfield>
          <marc:controlfield tag="003">http://kuniweb.gbv.de</marc:controlfield>
          <marc:controlfield tag="005">2022-09-20T15:54:40</marc:controlfield>
          <marc:controlfield tag="008">|           ||||||||||||||||||||||</marc:controlfield>
          <marc:datafield tag="245" ind1="1" ind2="0">
            <marc:subfield code="a">Schnupftabaksdose: Herzog Karl Wilhelm Ferdinand</marc:subfield>
          </marc:datafield>
          <marc:datafield tag="720" ind1=" " ind2=" ">
            <marc:subfield code="a">Johann Christian August Schwartz</marc:subfield>
          </marc:datafield>
          <marc:datafield tag="720" ind1=" " ind2=" ">
            <marc:subfield code="a">Johann Heinrich Schröder</marc:subfield>
          </marc:datafield>
          <marc:datafield tag="720" ind1=" " ind2=" ">
            <marc:subfield code="a">C. H. Stobwasser und Co. &lt;Braunschweig&gt;</marc:subfield>
          </marc:datafield>
          <marc:datafield tag="655" ind1=" " ind2="7">
            <marc:subfield code="a">Kunsthandwerk</marc:subfield>
          </marc:datafield>
          <marc:datafield tag="046" ind1=" " ind2=" ">
            <marc:subfield code="k">1795</marc:subfield>
            <marc:subfield code="k">um 1795 - 1814 (1795 entstand die Vorlage von Schröder, 1814 starb Schwartz)</marc:subfield>
            <marc:subfield code="l">1814</marc:subfield>
          </marc:datafield>
          <marc:datafield tag="260" ind1=" " ind2=" ">
            <marc:subfield code="g">1795</marc:subfield>
            <marc:subfield code="g">1814</marc:subfield>
            <marc:subfield code="g">um 1795 - 1814 (1795 entstand die Vorlage von Schröder, 1814 starb Schwartz)</marc:subfield>
          </marc:datafield>
          <marc:datafield tag="300" ind1=" " ind2=" ">
            <marc:subfield code="a">Höhe: 2,6 cm (Gesamthöhe)
Durchmesser: 10,3 cm</marc:subfield>
          </marc:datafield>
          <marc:datafield tag="520" ind1=" " ind2=" ">
            <marc:subfield code="a">Die Dose aus Papiermaché ist rund und flach, die Wandung gerade. Sie ist innen und außen schwarz bemalt. Auf dem Deckel befindet sich eine Minitaturmalerei mit dem Bildnis des Herzogs Karl Wilhelm Ferdinand: Vor monochrom grünem Hintergrund ist der Dargestellte als Brustbild wiedergegeben. Der Herzog ist nach rechts gedreht und trägt einen dunkelblauen Uniformrock mit zwei Reihen goldener Knöpfe, mit goldener Litze eingefasstem Kragen und Ordensstern. Darunter ein weißes Hemd mit Spitzenbesatz. Mit leichter Wendung des Kopfes geht der Blick des bartlosen Herzogs zum Betrachter. Das weiße Haar ist kurz geschnitten. (Städtisches Museum Braunschweig)

Aufkleber/Etikett:
"St 115" (Im Boden der Dose: In Blau auf kleinem weißem Papieraufkleber)

Aufkleber/Etikett:
"St. 115" (Im Deckel der Dose: In Schwarz auf rechteckigem Aufkleber aus weißem Papier mit gezacktem Rand und blauem Rahmen.)

Aufkleber/Etikett:
"....eig-Öls..." (Im Deckel der Dose: In Schwarz auf Resten eines Aufklebers aus weißem Papier.)</marc:subfield>
          </marc:datafield>
          <marc:datafield tag="650" ind1="1" ind2=" ">
            <marc:subfield code="a">Behältnis, Hülle &gt; Behältnis &gt; Dose</marc:subfield>
          </marc:datafield>
          <marc:datafield tag="650" ind1="1" ind2=" ">
            <marc:subfield code="a">Behältnis, Hülle</marc:subfield>
          </marc:datafield>
          <marc:datafield tag="650" ind1="1" ind2=" ">
            <marc:subfield code="a">Gebrauchsgegenstand</marc:subfield>
          </marc:datafield>
          <marc:datafield tag="650" ind1="1" ind2=" ">
            <marc:subfield code="a">Schnupftabak</marc:subfield>
          </marc:datafield>
          <marc:datafield tag="650" ind1="1" ind2=" ">
            <marc:subfield code="a">Malerei</marc:subfield>
          </marc:datafield>
          <marc:datafield tag="773" ind1="0" ind2=" ">
            <marc:subfield code="t">Sammlung Kunstgewerbe</marc:subfield>
          </marc:datafield>
          <marc:datafield tag="852" ind1=" " ind2=" ">
            <marc:subfield code="a">Städtisches Museum Braunschweig</marc:subfield>
          </marc:datafield>
          <marc:datafield tag="852" ind1=" " ind2=" ">
            <marc:subfield code="a">Braunschweig</marc:subfield>
          </marc:datafield>
          <marc:datafield tag="" ind1=" " ind2=" ">
            <marc:subfield code="a">Namensnennung - Nicht kommerziell - Keine Bearbeitungen 4.0 International (CC BY-NC-ND 4.0)</marc:subfield>
          </marc:datafield>
        </marc:record>
      </metadata>
    </record>
  </GetRecord>
</OAI-PMH>
